000 00473nam a22001457a 4500
005 20250614162638.0
008 250614b |||||||| |||| 00| 0 eng d
020 _a0801096278
050 _aBS445
_bWES
100 _aWESTCOTT BROOKE FOSS
245 _aTHE BIBLE IN THE CHURCH;
_bA POPULAR ACCOUNT OF THE COLLECTION AND RECEPTION OF THE HOLY SCRIPTURES IN THE CHRISTIAN CHURCHES
260 _aMICHIGAN
_bBAKER BOOK HOUSE
_cc1979
300 _axxiii, 316p
942 _2lcc
_cBK
_n0
999 _c6503
_d6503